000 00742nam a22002057a 4500
999 _c179787
_d179787
005 20210708145259.0
010 _aENG-129529
020 _c500.00
_a978-81-942052-9-6
035 _aEN-113061
037 _bDBAD/PUB
082 _a500
245 _aPhysical, chemical and biological sciences:Emerging trends and milestones in 2020/
_cEdited by K. Muthuchelian et...all
260 _aVirudhunagar
_bVirudhunagar hindu nadars senthikumara nadar college
_c2021
270 _bVirudhunagar
_a3/151-1, college road , Virudhunagar
_k04562280154
300 _a255p;
_c25cm(pbk)
700 _aN. Jayakurnaran(Editor)
700 _aP. Sundara Pandian (Editor)
700 _aJ. Pandiarajan(Editor)
942 _2ddc
_cEN
_h500
_mPHY